000 00839nam a2200253Ia 4500
003 OSt
005 20220923211329.0
006 a|||||r|||| 00| 0
007 ta
008 Pun
020 _a9788182991231 (hbk)
_c225
024 _a246,256
037 _b7830/IX, 31/01/2011, Arsee Publishers
_cTextual
040 _aARTS
_cARTS
_bPun
041 _2Pun
_aPun
082 _aO153,1N25x, Q0
100 _aਨੇਕੀ, ਜਸਵੰਤ ਸਿੰਘ
_9156315
245 0 _aਹੱਸੀੲ ਤੇ ਰੱਸੀਏ
260 _aਦਿੱਲੀ
_b ਆਰਸੀ ਪਬਲਿਕੇFਰਗ਼
_c2010
300 _a157ਪੰ
_ccm.
650 _aਪੰਜਾਬੀ ਸਾਹਿਤ
942 _hO153,1N25x, Q0
_cTEXL
_2CC
999 _c298554
_d298554